Geography Quiz

Random Geography or Asia Quiz
Score 0/49 Timer 06:00
1 Play Today
% Correct
Russia
89.5%
China
88.9%
India
88.6%
Japan
87.2%
South Korea
86.7%
North Korea
86.6%
Saudi Arabia
86.1%
Mongolia
85.6%
Turkey
85%
Indonesia
84%
Sri Lanka
82.9%
Philippines
82.7%
Pakistan
81.9%
Taiwan
81%
Vietnam
80.9%
Iran
80.4%
Nepal
79.7%
Maldives
78.5%
Kazakhstan
78.4%
Bangladesh
77.4%
Iraq
76.8%
Afghanistan
76.8%
Malaysia
76.4%
Laos
76%
Cambodia
76%
% Correct
Thailand
74.9%
Syria
74.5%
Yemen
73.7%
Oman
73.5%
Bhutan
73.2%
Myanmar
73.1%
Jordan
71.3%
UAE
71%
Israel
69.5%
Qatar
68.9%
Palestine
68.5%
Kuwait
67.1%
Uzbekistan
65.6%
Lebanon
65.2%
Georgia
65.1%
Armenia
64.9%
Turkmenistan
64.7%
Kyrgyzstan
64.2%
Azerbaijan
63.8%
Brunei
62.8%
Tajikistan
61.9%
Timor Leste
61%
Singapore
59.9%
Bahrain
54.9%
Remove Ads.
Support Sporcle.
Get the best of Sporcle when you Go Orange. This ad-free experience offers more features, more stats, and more fun while also helping to support Sporcle. Thank you for becoming a member.

You're not logged in!

Compare scores with friends on all Sporcle quizzes.
OR
Log In

Show Comments

Extras

Top Quizzes Today


Score Distribution

Your Account Isn't Verified!

In order to create a playlist on Sporcle, you need to verify the email address you used during registration. Go to your Sporcle Settings to finish the process.

Report this User

Report this user for behavior that violates our Community Guidelines.

Details: